00497nam a2200193 a 4500001001300000003000900013005001700022008004100039020001000080082001800090100001600108245002900124260004000153300000900193500003500202505001300237650003700250700001600287nice12345678IN_TiNIC20260116012309.0050524s1985 newa grp 000 0 eng  ac14000a320.9541bCHO aChopra, V D aPakistan and Asian Peace aNew DelhibPatriot Publishersc1985 a288p aincludes index and biblioraphy2 aAppendix aPakistan-Politics and Government1 aChopra, V D